01357aam a2200301 i 4500001001000000003001000010005001700020007000300037008004100040020001800081040004700099041001300146082001700159100002800176240004700204245008400251264004800335264001100383300002700394336002700421337003300448338002800481520043900509563001500948650003700963653002301000700003201023768714001CO-MdFUSB20231130113403.0ta231031t20092009spaa||ag |||| 00| 0 spa d a9788467543070 aCO-MdFUSBbspacCO-MdFUSBdCO-MdFUSBCerda aspaheng 223a813bK16 aKantor, Melissa,eautor aThe Amanda project book 1: the invisible I1 aProyecto Amandab : invisible c/ Melissa Kantor ; traducido por Jaime Válero 1aMadrid, España : bEdiciones SM, c[2009] 4c©2009 a406 páginasc; 22 cm 2rdacontentatextobtxt 2rdamediaasin mediaciónbn 2rdacarrieravolumenbnc aNi siquiera sabemos si Amanda es su verdadero nombre. Lo único que tenemos seguro es que apareció de repente en el institutito, cambió la vida de al menos tres personas que no se conmovían entre sí y desapareció tan inesperadamente como había llegado. Tras ella, solo quedaron medias verdades, alguna mentira, varios equívocos y un rastro de pistas ocultas. Tienes que echar una mano a los protagonistas de la novela. aRústico. 72embneaLiteratura norteamericana aliteratura juvenil aVálero, Jaime,etraductor